| 000 | 00453nam a2200157 a 4500 | ||
|---|---|---|---|
| 003 | OSt | ||
| 005 | 20201009140236.0 | ||
| 008 | 190812s1987 000 spa d | ||
| 040 |
_aDO-SdBNP _bspa _cBNPHU |
||
| 100 |
_aRoca F., Frank A. _976554 |
||
| 245 | 0 |
_aReseƱa del Congreso Dominicano./ _cFrank A. Roca E. |
|
| 260 |
_aSanto Domingo : _c1987. _bCENAPEC, |
||
| 590 | _aInventariado, 2020 / DG | ||
| 910 | _aInventariado, 2020 / DG | ||
| 942 |
_2ddc _cLF1 |
||
| 999 |
_c48781 _d48781 |
||